000 01088cam a2200313 a 4500
001 14773538
005 20180312091135.0
008 070319s2007 caua bc s001 0deng
010 _a 2007011568
015 _aGBA752062
_2bnb
016 7 _a013784654
_2Uk
020 _a9780520252387 (cloth : alk. paper)
020 _a0520252381 (cloth : alk. paper)
020 _a9780520252400 (pbk. : alk. paper)
020 _a0520252403 (pbk. : alk. paper)
035 _a(OCoLC)ocn105437674
035 _a(OCoLC)105437674
040 _aDLC
_cDLC
_dBAKER
_dBTCTA
_dUKM
_dC#P
_dYDXCP
_dDLC
041 _aeng
080 _a759.13 ROT
082 0 0 _a759.13 ROT
_aB
_222
100 _a44
101 _aART
245 0 0 _aMaking it new :
_cedited by Deborah Rothschild.
504 _aIncludes bibliographical references and index.
906 _a7
_bcbc
_corignew
_d1
_eecip
_f20
_gy-gencatlg
942 _2ddc
_cBK
999 _c44763
_d44763